[Event "POL-chT 2nd League"]
[Site "Jastrzebia Gora"]
[Date "2024.09.06"]
[Round "7.5"]
[White "Paziak, Patryk"]
[Black "Ciszewski, Krzysztof"]
[Result "0-1"]
[WhiteElo "1873"]
[BlackElo "2090"]
[PlyCount "140"]
[EventDate "2024.08.31"]
[EventType "team-swiss"]
[EventRounds "9"]
[EventCountry "POL"]
[SourceTitle "EXT 2025"]
[Source "ChessBase"]
[SourceDate "2024.10.14"]
[SourceVersion "1"]
[SourceVersionDate "2024.10.14"]
[SourceQuality "1"]
[WhiteTeam "Gdansk Korona"]
[BlackTeam "Bialystok Stoczek 45"]
[WhiteTeamCountry "POL"]
[BlackTeamCountry "POL"]

1. e4 c5 2. Nf3 d6 3. Bb5+ Nd7 4. 0-0 a6 5. Bxd7+ Bxd7 6. d4 cxd4 7. Qxd4 e6 8. c4 Nf6 9. Nc3 Be7 10. h3 0-0 11. Rd1 Bc6 12. b3 Qb8 13. Bb2 b5 14. Re1 Qb7 15. Rad1 b4 16. Nd5 Bd8 17. g4 exd5 18. exd5 Bd7 19. Ng5 Qb6 20. Qf4 h6 21. Nf3 Nh7 22. h4 Bf6 23. Bxf6 Nxf6 24. Nh2 Rfe8 25. g5 hxg5 26. hxg5 Nh5 27. Qh4 g6 28. Ng4 Bxg4 29. Qxg4 Qc7 30. Kg2 Rxe1 31. Rxe1 Qc8 32. Qf3 Qd7 33. c5 dxc5 34. d6 Rf8 35. Rd1 Qf5 36. Qxf5 gxf5 37. Kf3 Rd8 38. Rd5 Kg7 39. Rxf5 Rxd6 40. Rxc5 Kg6 41. Ke4 Rd2 42. f4 Rxa2 43. Rc6+ f6 44. gxf6 Nxf6+ 45. Ke5 Re2+ 46. Kd4 a5 47. Ra6 Re4+ 48. Kc5 Rxf4 49. Rxa5 Ng4 50. Kb5 Nf2 51. Ra8 Kf7 52. Rc8 Nd3 53. Rd8 Ne5 54. Kc5 Ke7 55. Rd5 Ke6 56. Rd6+ Kf5 57. Rd1 Nf3 58. Rd8 Kg4 59. Rg8+ Kh4 60. Rb8 Ne1 61. Rg8 Nd3+ 62. Kb5 Nc1 63. Rg2 Kh3 64. Rc2 Nd3 65. Rd2 Rd4 66. Rc2 Kg3 67. Rc4 Rf4 68. Rc8 Kf3 69. Re8 Re4 70. Rh8 Ke3 0-1

[Event "POL-chT Academic"]
[Site "Chorzow"]
[Date "2022.04.03"]
[Round "8.4"]
[White "Chylewski, Patryk"]
[Black "Paziak, Patryk"]
[Result "1-0"]
[WhiteElo "2134"]
[BlackElo "1858"]
[PlyCount "61"]
[EventDate "2022.04.02"]
[EventType "team-swiss (rapid)"]
[EventRounds "9"]
[EventCountry "POL"]
[SourceTitle "EXT 2024"]
[Source "ChessBase"]
[SourceDate "2023.10.10"]
[SourceVersion "1"]
[SourceVersionDate "2023.10.10"]
[SourceQuality "1"]

1. d4 Nf6 2. c4 c5 3. d5 b5 4. cxb5 a6 5. f3 g6 6. e4 d6 7. Nc3 Bg7 8. a4 0-0 9. Bd3 axb5 10. Bxb5 Na6 11. Nge2 Nc7 12. Bd3 Ba6 13. 0-0 Qb8 14. Bxa6 Rxa6 15. Qc2 e6 16. dxe6 fxe6 17. Rd1 Qb6 18. Kh1 d5 19. Bf4 dxe4 20. fxe4 Ng4 21. Rd6 Qa5 22. Rd7 Ra7 23. h3 Be5 24. hxg4 Bxf4 25. Nxf4 Rxf4 26. Qd2 Rf7 27. Rxf7 Kxf7 28. Qd7+ Kg8 29. Rf1 Na8 30. Qe8+ Kg7 31. Qf8# 1-0

[Event "POL-chT Academic"]
[Site "Chorzow"]
[Date "2022.04.02"]
[Round "5.10"]
[White "Paziak, Patryk"]
[Black "Kaminski, Maciej1"]
[Result "0-1"]
[WhiteElo "1858"]
[BlackElo "1861"]
[PlyCount "72"]
[EventDate "2022.04.02"]
[EventType "team-swiss (rapid)"]
[EventRounds "9"]
[EventCountry "POL"]
[SourceTitle "EXT 2024"]
[Source "ChessBase"]
[SourceDate "2023.10.10"]
[SourceVersion "1"]
[SourceVersionDate "2023.10.10"]
[SourceQuality "1"]

1. d4 Nf6 2. c4 e5 3. dxe5 Ng4 4. Nf3 d6 5. exd6 Bxd6 6. Nc3 Nc6 7. Bg5 Qd7 8. e3 Nge5 9. Bf4 Qe6 10. Nxe5 Nxe5 11. Qb3 c6 12. Be2 0-0 13. 0-0-0 Bc7 14. Ne4 Qe7 15. Qc2 Bf5 16. g4 Bg6 17. Bxe5 Qxe5 18. Bd3 f5 19. f4 Qe7 20. Ng5 h6 21. gxf5 Bh5 22. Rde1 hxg5 23. fxg5 Qxg5 24. f6 Rxf6 25. Rhg1 Qh6 26. c5 Raf8 27. Bc4+ Bf7 28. Bxf7+ R8xf7 29. Qe4 Re6 30. Qd3 Rfe7 31. Kb1 Qh7 32. e4 Rxe4 33. Ref1 Re1+ 34. Kc2 R1e2+ 35. Kc3 Be5+ 36. Kc4 Rc2+ 0-1

[Event "Krakow op-B 31st"]
[Site "Krakow"]
[Date "2020.12.27"]
[Round "1"]
[White "Paziak, Patryk"]
[Black "Janus, Przemyslaw"]
[Result "0-1"]
[WhiteElo "1869"]
[BlackElo "2062"]
[PlyCount "73"]
[EventDate "2020.12.27"]
[EventType "swiss"]
[EventRounds "9"]
[EventCountry "POL"]
[SourceTitle "CBM 200 Extra"]
[Source "ChessBase"]
[SourceDate "2021.03.31"]
[SourceVersion "1"]
[SourceVersionDate "2021.03.31"]
[SourceQuality "1"]

1. e4 d5 2. exd5 Qxd5 3. Nc3 Qa5 4. Bc4 Nf6 5. h3 c6 6. Nf3 Bf5 7. d3 e6 8. Bf4 Bb4 9. Bd2 Qc7 10. Qe2 0-0 11. 0-0-0 Nd5 12. Ne4 a5 13. g4 Bxe4 14. dxe4 Nf4 15. Bxf4 Qxf4+ 16. Kb1 b5 17. Bd3 Na6 18. e5 Nc7 19. Bxh7+ Kxh7 20. Rd4 Qh6 21. g5 Qg6 22. Nh4 Qxg5 23. Rg4 Qh6 24. Qe4+ g6 25. Rhg1 Rg8 26. Nxg6 Rxg6 27. Rh4 Nd5 28. Rg5 Be7 29. Rxh6+ Kxh6 30. Rxg6+ fxg6 31. c4 bxc4 32. Qxc4 Rb8 33. Qxc6 Ba3 34. b3 Rb6 35. Qc4 Rb7 36. Qc8 Rc7 37. Qd8 0-1

[Event "POL-chT 2nd League"]
[Site "Jastrzebia Gora"]
[Date "2019.09.10"]
[Round "4.16"]
[White "Paziak, Patryk"]
[Black "Rak, Tomasz"]
[Result "0-1"]
[WhiteElo "1868"]
[BlackElo "1957"]
[PlyCount "100"]
[EventDate "2019.09.07"]
[EventType "team-swiss"]
[EventRounds "9"]
[EventCountry "POL"]
[SourceTitle "EXT 2020"]
[Source "ChessBase"]
[SourceDate "2019.10.17"]
[SourceVersion "1"]
[SourceVersionDate "2019.10.17"]
[SourceQuality "1"]
[WhiteTeam "Gdansk Korona"]
[BlackTeam "Olsztyn Kopernik"]
[WhiteTeamCountry "POL"]
[BlackTeamCountry "POL"]

1. e4 c6 2. d4 d5 3. Nc3 dxe4 4. Nxe4 Nf6 5. Ng5 h6 6. N5f3 Bf5 7. Bd3 Bxd3 8. Qxd3 Qc7 9. Ne2 e6 10. Bf4 Bd6 11. Ne5 Na6 12. 0-0 0-0-0 13. Qf3 Qe7 14. c4 g5 15. c5 Bb8 16. Nxc6 bxc6 17. Qxc6+ Nc7 18. Be5 Rhg8 19. Nc3 Nfe8 20. Nb5 Qd7 21. Qxd7+ Kxd7 22. a4 a6 23. Nc3 Nd5 24. Nxd5 exd5 25. f4 g4 26. b4 f6 27. Bxb8 Rxb8 28. b5 axb5 29. axb5 Rxb5 30. Ra7+ Nc7 31. Re1 Ra8 32. Rxa8 Nxa8 33. c6+ Kd6 34. Re8 Nc7 35. Rf8 Ke7 36. Rc8 Ne8 37. c7 Rb1+ 38. Kf2 Rc1 39. Kg3 f5 40. Kh4 Rxc7 41. Ra8 Rc4 42. Ra7+ Nc7 43. Kh5 Rc6 44. Ra2 Re6 45. Rc2 Kd7 46. g3 Kd6 47. Rc5 Rf6 48. Ra5 Kc6 49. Rc5+ Kb6 50. Kh4 Rc6 0-1

[Event "Bialystok Zamenhof Memorial-C 35th"]
[Site "Bialystok"]
[Date "2017.12.30"]
[Round "8.16"]
[White "Tsesler, Yakau"]
[Black "Paziak, Patryk"]
[Result "0-1"]
[WhiteElo "1786"]
[BlackElo "1802"]
[PlyCount "90"]
[EventDate "2017.12.27"]
[EventType "swiss"]
[EventRounds "9"]
[EventCountry "POL"]
[SourceTitle "EXT 2023"]
[Source "ChessBase"]
[SourceDate "2022.10.05"]
[SourceVersion "1"]
[SourceVersionDate "2022.10.05"]
[SourceQuality "1"]

1. e4 g6 2. d4 Bg7 3. c4 d6 4. Nc3 Nf6 5. f3 Nbd7 6. Be3 c6 7. Qd2 Qc7 8. Bd3 Nf8 9. Nge2 h5 10. 0-0-0 Bd7 11. Kb1 0-0-0 12. Rc1 c5 13. Nd5 Nxd5 14. cxd5 b6 15. Rc2 Kb8 16. Rhc1 Ka8 17. Qe1 Qb7 18. Qf2 e6 19. e5 exd5 20. exd6 c4 21. Bxc4 dxc4 22. Rxc4 Bf5+ 23. Ka1 Ne6 24. d5 Qxd5 25. Bxb6 Bxb2+ 26. Kxb2 Qb5+ 27. Ka1 Qxb6 28. Qe1 Qxd6 29. Qa5 Qb6 30. Qe5 Rb8 31. a3 Rhd8 32. Rb4 Qd6 33. Rxb8+ Kxb8 34. Qc3 Nd4 35. Ng3 Rc8 36. Qb2+ Qb6 37. Rxc8+ Kxc8 38. Qc3+ Qc6 39. Qxc6+ Nxc6 40. Kb2 Bd3 41. Kc3 h4 42. Nh1 Bf1 43. g3 Bg2 44. Nf2 hxg3 45. hxg3 Bxf3 0-1

[Event "POL-chT U20 1st League"]
[Site "Suchedniow"]
[Date "2016.07.31"]
[Round "9.26"]
[White "Paziak, Patryk"]
[Black "Kozak, Antoni"]
[Result "0-1"]
[WhiteElo "1745"]
[BlackElo "2047"]
[PlyCount "136"]
[EventDate "2016.07.23"]
[EventType "team-tourn"]
[EventRounds "9"]
[EventCountry "POL"]
[SourceTitle "EXT 2019"]
[Source "ChessBase"]
[SourceDate "2018.10.10"]
[SourceVersion "1"]
[SourceVersionDate "2018.10.10"]
[SourceQuality "1"]

1. d4 Nf6 2. Nf3 e6 3. Bg5 h6 4. Bh4 Be7 5. Nbd2 c5 6. e3 0-0 7. Bd3 cxd4 8. exd4 d6 9. 0-0 Bd7 10. c3 Bc6 11. Qe2 Nbd7 12. h3 Re8 13. Rfe1 Rc8 14. Bg3 Nb6 15. Rac1 Na4 16. b3 Bxf3 17. Qxf3 Nxc3 18. Qxb7 Rc7 19. Qa6 Nfd5 20. Qa3 Bg5 21. Qb2 Qd7 22. Bc4 Rcc8 23. a4 Qb7 24. Bxd5 Nxd5 25. Rxc8 Rxc8 26. Ne4 Qb4 27. Qe2 Bf4 28. Bxf4 Nxf4 29. Qe3 Nd5 30. Qd2 Qxb3 31. Nxd6 Rc6 32. Ne4 Qxa4 33. Nc5 Qb4 34. Qxb4 Nxb4 35. Ra1 Rc7 36. Ra4 Nd5 37. Ra5 Kf8 38. g3 Nb4 39. Ra4 Nc6 40. Nb3 Rb7 41. Nc5 Rb1+ 42. Kg2 a5 43. Rc4 Ke7 44. Nxe6 fxe6 45. Rxc6 Rb4 46. d5 exd5 47. Rc5 Kd6 48. Rxa5 Rb7 49. Kf3 Re7 50. Kf4 d4 51. Kf5 Kc6 52. Kg6 d3 53. Ra3 Rd7 54. Rc3+ Kb5 55. Rc1 d2 56. Rd1 Kc4 57. f4 Kd3 58. g4 Ke2 59. Ra1 d1Q 60. Rxd1 Kxd1 61. h4 Ke2 62. f5 Kf3 63. g5 Kf4 64. f6 gxf6 65. gxf6 h5 66. Kxh5 Kf5 67. Kh6 Kxf6 68. h5 Rd5 0-1

[Event "POL-chT U20 1st League"]
[Site "Suchedniow"]
[Date "2016.07.26"]
[Round "4.20"]
[White "Kanicki, Krzysztof"]
[Black "Paziak, Patryk"]
[Result "1/2-1/2"]
[WhiteElo "2147"]
[BlackElo "1745"]
[PlyCount "122"]
[EventDate "2016.07.23"]
[EventType "team-tourn"]
[EventRounds "9"]
[EventCountry "POL"]
[SourceTitle "EXT 2019"]
[Source "ChessBase"]
[SourceDate "2018.10.10"]
[SourceVersion "1"]
[SourceVersionDate "2018.10.10"]
[SourceQuality "1"]

1. e4 e6 2. d4 d5 3. Nd2 c5 4. exd5 Qxd5 5. Ngf3 cxd4 6. Bc4 Qd6 7. 0-0 Nf6 8. Nb3 Nc6 9. Nbxd4 Nxd4 10. Nxd4 Bd7 11. c3 Qc7 12. Qe2 Bd6 13. h3 h5 14. Nb5 Bxb5 15. Bxb5+ Ke7 16. Qf3 a6 17. Ba4 Ng4 18. Rd1 Ne5 19. Qe4 b5 20. Bb3 Rag8 21. Bf4 Nf3+ 22. Qxf3 Bxf4 23. Rd3 g5 24. g3 Be5 25. Rad1 Rd8 26. Rxd8 Rxd8 27. Qxh5 Rxd1+ 28. Bxd1 f6 29. Qh7+ Kd6 30. Qd3+ Ke7 31. a4 Qc5 32. axb5 axb5 33. Bb3 b4 34. Qh7+ Kd6 35. Qg8 bxc3 36. Qxe6+ Kc7 37. bxc3 Qxc3 38. Qf7+ Kd6 39. Qd5+ Kc7 40. Qf7+ Kd6 41. Qe6+ Kc7 42. Bd5 Bxg3 43. fxg3 Qxg3+ 44. Kf1 Qf4+ 45. Ke2 Kd8 46. Qg8+ Ke7 47. Qe6+ Kd8 48. Kd3 Kc7 49. Qe7+ Kb6 50. Qb7+ Ka5 51. Bc6 Qd6+ 52. Kc4 Qe6+ 53. Kc5 Qe5+ 54. Kc4 Qe6+ 55. Kc5 Qe5+ 56. Bd5 Qe3+ 57. Kd6 Qa3+ 58. Kc6 Qc3+ 59. Kd6 Qa3+ 60. Kc7 Qg3+ 61. Kc6 Qc3+ 1/2-1/2

[Event "POL-chT3 Pomorskie"]
[Site "Poland"]
[Date "2013.06.09"]
[Round "9.8"]
[White "Fukowski, Pawel"]
[Black "Paziak, Patryk"]
[Result "1-0"]
[WhiteElo "1661"]
[BlackElo "1672"]
[PlyCount "95"]
[EventDate "2013.01.13"]
[EventType "team-tourn"]
[EventRounds "9"]
[EventCountry "POL"]
[SourceTitle "EXT 2019"]
[Source "ChessBase"]
[SourceDate "2018.10.10"]
[SourceVersion "1"]
[SourceVersionDate "2018.10.10"]
[SourceQuality "1"]
[WhiteTeam "Kwidzyn MTS"]
[BlackTeam "Sztum"]
[WhiteTeamCountry "POL"]
[BlackTeamCountry "POL"]

1. d4 Nf6 2. Bg5 e6 3. Nf3 c5 4. Bxf6 Qxf6 5. e3 d5 6. Bb5+ Bd7 7. Qe2 a6 8. Bxd7+ Nxd7 9. Nbd2 cxd4 10. exd4 Bd6 11. 0-0 0-0 12. Rfe1 Bf4 13. Ne5 Qh6 14. Ndf3 Nxe5 15. dxe5 Rae8 16. g3 Bg5 17. Nd4 Bd8 18. Kg2 Bb6 19. Rad1 f5 20. f4 g5 21. Rf1 Kh8 22. Qe3 Rg8 23. c3 Rc8 24. Qc1 Bxd4 25. Rxd4 b5 26. Qe3 Rc4 27. fxg5 Qxg5 28. Qxg5 Rxg5 29. Rff4 Kg8 30. Kf3 h5 31. h3 Kh7 32. Rh4 Kh6 33. Rhf4 Kg7 34. Rxc4 bxc4 35. b3 cxb3 36. axb3 Kh7 37. Ra4 Rg7 38. Rxa6 Rc7 39. c4 dxc4 40. bxc4 Rxc4 41. Rxe6 Kg7 42. Rf6 Rc5 43. Rxf5 Kg6 44. Rf6+ Kg7 45. Kf4 Rc1 46. Kg5 Rg1 47. Kh4 Rg2 48. Rf5 1-0

[Event "Gdansk op 14th"]
[Site "Gdansk"]
[Date "2012.07.26"]
[Round "6"]
[White "Gostomski, Mariusz"]
[Black "Paziak, Patryk"]
[Result "1-0"]
[WhiteElo "1588"]
[BlackElo "1744"]
[PlyCount "69"]
[EventDate "2012.07.22"]
[EventType "swiss"]
[EventRounds "9"]
[EventCountry "POL"]
[SourceTitle "CBM 149 Extra"]
[Source "ChessBase"]
[SourceDate "2012.08.24"]
[SourceVersion "1"]
[SourceVersionDate "2012.08.24"]
[SourceQuality "1"]

1. e4 d5 2. exd5 Nf6 3. d4 Nxd5 4. c4 Nf6 5. Nf3 Bg4 6. Be2 e6 7. 0-0 Be7 8. Nc3 0-0 9. h3 Bh5 10. Be3 c6 11. Ne5 Bxe2 12. Qxe2 Nbd7 13. Rad1 Qa5 14. f4 Rad8 15. a3 a6 16. Kh1 g6 17. g4 Qc7 18. Bf2 Rfe8 19. h4 Bf8 20. Rg1 Bg7 21. Qf3 h5 22. gxh5 Nxh5 23. Be3 Nxe5 24. fxe5 Rf8 25. Qg4 b5 26. c5 Kh7 27. Ne4 Rh8 28. Nd6 Rd7 29. Rd2 Bf8 30. Rdg2 Bxd6 31. cxd6 Qd8 32. Qxh5+ Kg8 33. Rxg6+ fxg6 34. Qxg6+ Kf8 35. Rf1+ 1-0

[Event "Gdansk op 14th"]
[Site "Gdansk"]
[Date "2012.07.22"]
[Round "1"]
[White "Kempinski, Tomasz"]
[Black "Paziak, Patryk"]
[Result "1-0"]
[WhiteElo "2204"]
[BlackElo "1744"]
[PlyCount "57"]
[EventDate "2012.07.22"]
[EventType "swiss"]
[EventRounds "9"]
[EventCountry "POL"]
[SourceTitle "CBM 149 Extra"]
[Source "ChessBase"]
[SourceDate "2012.08.24"]
[SourceVersion "1"]
[SourceVersionDate "2012.08.24"]
[SourceQuality "1"]

1. e4 e5 2. Nf3 Nc6 3. d4 exd4 4. Nxd4 Qh4 5. Nb5 Qxe4+ 6. Be2 Kd8 7. 0-0 Bc5 8. N1c3 Qg6 9. Nd5 Bb6 10. Bh5 Qe4 11. Bf4 d6 12. Nxb6 axb6 13. Bxd6 Be6 14. Bxc7+ Ke7 15. Qd6+ Kf6 16. Rae1 Qd5 17. Qxd5 Bxd5 18. Nc3 Nge7 19. Rd1 g6 20. Nxd5+ Nxd5 21. Rxd5 gxh5 22. a3 Ra5 23. Rd7 Re8 24. Bxb6 Rb5 25. Rxb7 Rb8 26. Rxb8 Nxb8 27. Bd4+ Kg6 28. c4 Rb7 29. b4 1-0